A guide to research proposal and report writing / (Record no. 919)

000 -LEADER
fixed length control field 00569nam a22001817a 4500
003 - CONTROL NUMBER IDENTIFIER
control field OSt
005 - DATE AND TIME OF LATEST TRANSACTION
control field 20140116120841.0
008 - FIXED-LENGTH DATA ELEMENTS--GENERAL INFORMATION
fixed length control field 120517t xxu||||| |||| 00| 0 eng d
050 ## - LIBRARY OF CONGRESS CALL NUMBER
Classification number LB2369.O38 2010
100 ## - MAIN ENTRY--PERSONAL NAME
Personal name Ogula, Paul A.
245 ## - TITLE STATEMENT
Title A guide to research proposal and report writing /
Statement of responsibility, etc Paul A. Ogula.
260 ## - PUBLICATION, DISTRIBUTION, ETC. (IMPRINT)
Place of publication, distribution, etc Nairobi:
Name of publisher, distributor, etc Catholic University of East Africa Press,
Date of publication, distribution, etc 2010
300 ## - PHYSICAL DESCRIPTION
Extent vii, 32p.
Other physical details ill.
504 ## - BIBLIOGRAPHY, ETC. NOTE
Bibliography, etc Includes bibliographical references.
650 ## - SUBJECT ADDED ENTRY--TOPICAL TERM
Topical term or geographic name as entry element Report writing.
650 ## - SUBJECT ADDED ENTRY--TOPICAL TERM
Topical term or geographic name as entry element Dissertations -- Academic writing.
942 ## - ADDED ENTRY ELEMENTS (KOHA)
Source of classification or shelving scheme
Koha item type Book
Holdings
Withdrawn status Lost status Source of classification or shelving scheme Damaged status Not for loan Home library Current library Date acquired Source of acquisition Total Checkouts Total Renewals Full call number Barcode Date last seen Date checked out Copy number Price effective from Koha item type
          Riara University Library Riara University Library 25/05/2012 Purchase 5 2 RES LB2369.O38 2010 3318/12 11/06/2015 06/06/2015 C.1 25/05/2012 Book
          Riara University Library Riara University Library 25/05/2012 Purchase 10 6 LB2369.O38 2010 3319/12 20/01/2021 24/04/2014 C.2 25/05/2012 Book
          Riara University Library Riara University Library 22/06/2013   8 1 LB2369.O38 2010 4236/13 06/12/2021 19/10/2021 C.3 22/06/2013 Book

Riara University Library,
P.O. Box 49940-00100,
Nairobi, Kenya.